Actualización de decretos leyes dictados por la junta de gobierno de la República de Chile
Guardat en:
| Autor corporatiu: | |
|---|---|
| Format: | Llibre |
| Idioma: | espanyol |
| Publicat: |
Santiago
Ediar Conosur
1990
|
| Matèries: | |
| Etiquetes: |
Afegir etiqueta
Sense etiquetes, Sigues el primer a etiquetar aquest registre!
|
MARC
| LEADER | 00000nam a2200000 a 4500 | ||
|---|---|---|---|
| 001 | UCV1838 | ||
| 003 | CL-VaPUC | ||
| 008 | 910417e19900000CL |||||||||||||||||spa|d | ||
| 082 | 0 | 4 | |a 348.022 |b JUN |2 21 |
| 110 | 2 | |a Junta de Gobierno 1973-1980 |e author |9 296027 | |
| 245 | 1 | 0 | |a Actualización de decretos leyes dictados por la junta de gobierno de la República de Chile |
| 300 | |a v | ||
| 942 | |c BK | ||
| 945 | |d 19910417 00:00:00 | ||
| 260 | |a Santiago |b Ediar Conosur |c 1990 | ||
| 650 | 7 | |a LEGISLACION POR DECRETOS |2 CL-VaPUC |9 256887 | |
| 650 | 7 | |a LEGISLACION |2 CL-VaPUC |9 296028 | |
| 651 | 7 | |a CHILE |2 CL-VaPUC |9 296029 | |
| 583 | |a last modification |c 19910417 00:00:00 |k Rodrigo Vera | ||
| 999 | |c 209619 |d 209617 | ||